Statistics for 奈良交通行き先

Click here to take the quiz!

General Stats

  • This quiz has been taken 25 times
    (19 since last reset)
  • The average score is 96 of 237

Answer Stats

答え% Correct
天理駅
100%
近鉄奈良駅
100%
近鉄奈良駅
100%
王寺駅
93%
学園前駅
93%
大和八木駅
93%
学園前駅
93%
新宮駅
87%
大和西大寺駅
87%
大和西大寺駅
87%
高の原駅
87%
JR奈良駅
87%
学研北生駒駅
80%
学研奈良登美ヶ丘駅
80%
橿原神宮前駅
80%
近鉄郡山駅
80%
学研奈良登美ヶ丘駅
80%
加茂駅
80%
近鉄御所駅
73%
祝園駅
73%
木津駅
73%
富雄
67%
壺阪山駅
67%
飛鳥駅
67%
法隆寺前
67%
東生駒駅
67%
西ノ京駅
67%
富雄駅
67%
下市口駅
67%
五條バスセンター
67%
榛原駅
67%
五位堂駅
67%
山田川駅
67%
東大寺学園
67%
三山木駅
60%
近畿大学
60%
信貴山
60%
白庭台駅
60%
柳生
60%
シャープ前
60%
白土町
60%
鹿野園町
60%
尼ヶ辻駅
60%
新田辺駅
60%
三山木駅
60%
JR郡山駅
60%
石打
53%
航空自衛隊
53%
春日大社本殿
53%
鹿ノ台北二丁目
53%
イオンモール橿原
53%
イオンモール大和郡山
53%
高山サイエンスタウン
53%
奈良県総合医療センター
53%
押熊
53%
高山サイエンスタウン
53%
春日大社本殿
53%
東登美ヶ丘一丁目
53%
忍海
47%
恋の窪町
47%
生駒駅南口
47%
広岡
47%
生駒駅北口
47%
下山
47%
山村町
47%
赤膚山
47%
針インター
47%
国道横田
47%
信貴山下駅
47%
大和上市駅
47%
桜井駅北口
47%
歌姫町
47%
南加茂台五丁目
47%
奈良大学構内
47%
青山住宅
47%
東登美ヶ丘六丁目東
47%
兜台五丁目
47%
馬見丘陵公園
40%
同志社大学デイヴィス記念館
40%
大淀バスセンター
40%
下狭川
40%
大輪田駅
40%
近鉄大和高田駅
40%
室生口大野駅
40%
向島駅
40%
奈良佐保短期大学
40%
高船
40%
橿原神宮前駅東口
40%
窪之庄
40%
桜井駅南口
40%
大宇陀
40%
下水間
40%
天理大学
40%
柳生小学校
40%
北野
40%
田原台一丁目
40%
西登美ヶ丘五丁目
40%
青葉公園
40%
学園緑ヶ丘一丁目
40%
藤原台
40%
県庁前
40%
高畑町
40%
ATR
40%
西千代ヶ丘二丁目
40%
神功四丁目
40%
二条大路南一丁目
40%
木津川台九丁目
40%
大安寺
40%
州見台八丁目
40%
平城山駅東口
40%
信貴山門
33%
三郷駅
33%
傍示
33%
奈良春日病院
33%
大和小泉駅東口
33%
奈良学園
33%
学園大和町五丁目
33%
菟田野
33%
東吉野村役場
33%
天満台東三丁目
33%
帝塚山大学
33%
洞川温泉
33%
奈良文化高校
33%
葛城ロープウェイ前
33%
矢田寺前
33%
大川原
33%
邑地中村
33%
杏南町
33%
大平尾
33%
ひかりが丘
33%
田原台九丁目西
33%
京内橋
33%
学研都市精華台
33%
光台三丁目
33%
梅美台三丁目
33%
佐保台三丁目
33%
JR奈良駅西口
33%
JR奈良駅西口
33%
KICK
33%
小瀬保健福祉ゾーン
27%
橿原神宮前駅西口
27%
興東館柳生中学校
27%
北野山
27%
若草台
27%
水越神社
27%
山辺高校
27%
北田原
27%
南白橿
27%
壷阪寺前
27%
室生龍穴神社
27%
大和八木駅北口
27%
石舞台
27%
和束町原山
27%
平原
27%
竹取公園東
27%
中庵住
27%
生駒台
27%
才谷
27%
奈良南高校吉野学舎
27%
奈良北高校
27%
憩の家外来棟
27%
日笠
27%
六条西三丁目
27%
あすか野センター
27%
奈良帝塚山ヒルズ
27%
智辯学園
27%
育英西校
27%
新大宮駅北口
27%
庄田
27%
平城宮跡・遺構展示館
27%
明神一丁目
27%
都跡小学校
27%
城戸
27%
大和西大寺駅南口
27%
西真美
27%
シャープ総合開発センター
27%
中菜畑二丁目
27%
三条大路五丁目
27%
関西光量子科学研究所
27%
けいはんな記念公園
27%
木津駅東口
27%
ショッピングセンター
20%
矢田山町
20%
岡寺前
20%
菖蒲町四丁目
20%
一条高校前
20%
帝塚山南四丁目
20%
医大病院玄関口
20%
笠木
20%
岩森(下市温泉)
20%
橿原総合庁舎
20%
高山学校前
20%
白鳳台二丁目
20%
吐山
20%
西吉野農業高校
20%
南庄
20%
服部記念病院
20%
北生駒スポーツセンター
20%
平清水口
20%
箸中
20%
与喜浦
20%
光台一丁目南
20%
水取
13%
新生駒台北口
13%
翠光台
13%
馬見北一丁目
13%
馬見北三丁目
13%
さつき台住宅
13%
帝塚山住宅
13%
帝塚山西二丁目
13%
宮跡庭園・ミナーラ前
13%
明神四丁目
13%
桜ヶ丘一丁目
13%
桜ヶ丘三丁目
13%
上牧出合
13%
馬見南二丁目
13%
中登美ケ丘四丁目
13%
飛鳥奥山・飛鳥資料館西
13%
須川
13%
古作
7%
万葉荘園
7%
西白庭台二丁目
7%
檜前
7%
同志社大学北門
7%
健康福祉センター
7%
菖蒲町四丁目南
7%
なら歴史芸術文化村
0%

Score Distribution

Percentile by Number Answered

Percent of People with Each Score

Your Score History

You have not taken this quiz since the last reset